Advances in wind energy conversion technology / (Record no. 355481)

000 -LEADER
fixed length control field 02076nam a2200373 a 4500
001 - CONTROL NUMBER
control field ASIN354088257X
003 - CONTROL NUMBER IDENTIFIER
control field Nust- CAS-E
005 - DATE AND TIME OF LATEST TRANSACTION
control field 20180118181403.0
008 - FIXED-LENGTH DATA ELEMENTS--GENERAL INFORMATION
fixed length control field 140828s2011 xxu eng d
020 ## - INTERNATIONAL STANDARD BOOK NUMBER
International Standard Book Number 354088257X
Terms of availability $179.00
020 ## - INTERNATIONAL STANDARD BOOK NUMBER
International Standard Book Number 9783540882572
040 ## - CATALOGING SOURCE
Transcribing agency 0
050 04 - LIBRARY OF CONGRESS CALL NUMBER
Classification number TK1541
082 04 - DEWEY DECIMAL CLASSIFICATION NUMBER
Classification number 621.45
Author Mark ADV 2011
245 10 - TITLE STATEMENT
Title Advances in wind energy conversion technology /
Statement of responsibility, etc. Mathew Sathyajith, Geeta Susan Philip.
250 ## - EDITION STATEMENT
Edition statement 2011th ed.
260 ## - PUBLICATION, DISTRIBUTION, ETC.
Place of publication, distribution, etc. [S.l.] :
Name of publisher, distributor, etc. Springer,
Date of publication, distribution, etc. 2011.
300 ## - PHYSICAL DESCRIPTION
Extent 216 p. ;
Dimensions 24 cm.
490 1# - SERIES STATEMENT
Series statement Environmental science and engineering / environmental engineering.
520 ## - SUMMARY, ETC.
Summary, etc. With an annual growth rate of over 35%, wind is the fastest growing energy source in the world today. As a result of intensive research and developmental efforts, the technology of generating energy from wind has significantly changed during the past five years. The book brings together all the latest aspects of wind energy conversion technology - right from the wind resource analysis to grid integration of the wind generated electricity. The chapters are contributed by academic and industrial experts having vast experience in these areas. Each chapter begins with an introduction explaining the current status of the technology and proceeds further to the advanced lever to cater for the needs of readers from different subject backgrounds. Extensive bibliography/references appended to each chapter give further guidance to the interested readers.
650 #0 - SUBJECT ADDED ENTRY--TOPICAL TERM
Topical term or geographic name entry element Climatic changes
650 #0 - SUBJECT ADDED ENTRY--TOPICAL TERM
Topical term or geographic name entry element Environmental management
650 #0 - SUBJECT ADDED ENTRY--TOPICAL TERM
Topical term or geographic name entry element Environmental protection
650 #0 - SUBJECT ADDED ENTRY--TOPICAL TERM
Topical term or geographic name entry element Environmental sciences
650 #0 - SUBJECT ADDED ENTRY--TOPICAL TERM
Topical term or geographic name entry element Nature conservation
650 #0 - SUBJECT ADDED ENTRY--TOPICAL TERM
Topical term or geographic name entry element Renewable energy sources
650 #0 - SUBJECT ADDED ENTRY--TOPICAL TERM
Topical term or geographic name entry element Wind energy conversion systems
650 #0 - SUBJECT ADDED ENTRY--TOPICAL TERM
Topical term or geographic name entry element Wind turbines
700 1# - ADDED ENTRY--PERSONAL NAME
Personal name Philip, Geeta Susan.
700 1# - ADDED ENTRY--PERSONAL NAME
Personal name Sathyajith, Mathew.
830 #0 - SERIES ADDED ENTRY--UNIFORM TITLE
Uniform title Environmental science and engineering / environmental engineering.
856 40 - ELECTRONIC LOCATION AND ACCESS
Materials specified Amazon.com
Uniform Resource Identifier <a href="http://www.amazon.com/exec/obidos/ASIN/354088257X/chopaconline-20">http://www.amazon.com/exec/obidos/ASIN/354088257X/chopaconline-20</a>
942 ## - ADDED ENTRY ELEMENTS (KOHA)
Source of classification or shelving scheme
Koha item type Book
Holdings
Withdrawn status Lost status Source of classification or shelving scheme Damaged status Not for loan Collection code Permanent Location Current Location Shelving location Date acquired Source of acquisition Total Checkouts Full call number Barcode Date last seen Cost, replacement price Price effective from Koha item type
            US-Pakistan Center for Advanced Studies in Energy (USPCAS-E) US-Pakistan Center for Advanced Studies in Energy (USPCAS-E) General Stacks 05/28/2013 Progressive Int.   621.45 ADV 2011 CAS-E0000321 08/28/2014 9313.09 08/28/2014 Book
© 2023 Central Library, National University of Sciences and Technology. All Rights Reserved.